| 000 | 00350nam a22001337a 4500 | ||
|---|---|---|---|
| 008 | 170608b xxu||||| |||| 00| 0 eng d | ||
| 020 | _a0813381312 | ||
| 041 | _aeng | ||
| 080 | _a94(4) | ||
| 100 | _a18 | ||
| 101 | _aSHH | ||
| 245 |
_aTHE VIENNA MEETING OF THE CONFERENCE ON SECURITY AND COOPERATION IN EUROPE 1986-1989 _cLEHNE,S |
||
| 942 |
_2udc _cBK |
||
| 999 |
_c16413 _d16413 |
||